| 000 | 00470nam a2200181Ia 4500 | ||
|---|---|---|---|
| 008 | 220104s9999 xx 000 0 und d | ||
| 100 | _aTalpada P M | ||
| 245 | 0 | _aEffect of feeding rubber seed cake to growing calves on dry matter and nutrients utilization | |
| 650 | _aCalves | ||
| 650 | _aFeeds | ||
| 650 | _aGrowth | ||
| 650 | _aNutrients | ||
| 650 | _aRubber seed cake | ||
| 700 | _aPande M B | ||
| 700 | _aPatel B H | ||
| 700 | _aShukla P C | ||
| 942 | _cBE | ||
| 999 |
_c47532 _d47532 |
||